000 01736cam a2200457 a 4500
001 17021698
003 Nust- CAS-E
005 20180118181358.0
008 111026s2010 gw a b 001 0 eng c
010 _a 2011499420
015 _aGBA997808
_2bnb
015 _a09,N33,0762
_2dnb
016 7 _a015386368
_2Uk
020 _a9783527324019
020 _a3527324011
028 5 2 _a1132401 000
035 _a(OCoLC)ocn455830553
040 _aUKM
_beng
_cUKM
_dYDXCP
_dBWX
_dTXA
_dDEBBG
_dBTCTA
_dOCL
_dNDD
_dOCL
_dOHX
_dCDX
_dDLC
042 _apcc
_aukblcatcopy
050 0 0 _aTJ163.2
_b.N365 2010
082 _a621.042
_bNAN 2010
084 _a620
_2sdnb
084 _a660
_2sdnb
084 _aVE 9850
_2rvk
084 _aZN 3700
_2rvk
084 _aZP 3705
_2rvk
245 0 0 _aNanotechnology for the energy challenge /
_cedited by Javier Garcia-Martinez ; [with a foreword by Ernest J. Moniz].
260 _aWeinheim :
_bWiley-VCH,
_cc2010.
300 _axx, 477 p. :
_bill. (some col.) ;
_c25 cm.
504 _aIncludes bibliographical references and index.
650 0 _aEnergy development
_xMaterials.
650 0 _aNanostructured materials.
650 0 7 _aEnergietechnik.
_2swd
650 0 7 _aNanostrukturiertes Material.
_2swd
700 1 _aGarcia-Martinez, Javier.
856 4 1 _3Table of contents
_uhttp://bvbr.bib-bvb.de:8991/F?func=service&doc_library=BVB01&doc_number=018661789&line_number=0001&func_code=DB_RECORDS&service_type=MEDIA
856 4 2 _qtext/html
_uhttp://deposit.d-nb.de/cgi-bin/dokserv?id=3339674&prov=M&dok_var=1&dok_ext=htm
_3Inhaltstext
906 _a7
_bcbc
_cpccadap
_d2
_encip
_f20
_gy-gencatlg
942 _2ddc
_cBK
999 _c355333
_d355333